El Oficio de sociólogo : Presupuestos epistemológicos /

Guardado en:
Bibliografiske detaljer
Hovedforfatter: Bourdieu, Pierre
Andre forfattere: Chamboredon, Jean Claude Passeron, Jean Claude
Format: Texto
Sprog:Spanish
Udgivet: México: Siglo XXI
Udgivelse:4
Tags: Tilføj Tag
Ingen Tags, Vær først til at tagge denne postø!

MARC

LEADER 00000 a a2200000 04500
001 23913
003 cru CIDCACS/IIS
005 20170512134208.0
008 170512b xxu||||| |||| 00| 0 spa d
020 |a 968-23-0272-2  
040 |c CIDCACS/IIS 
090 |a SO05.01.01 B769o  
100 |a Bourdieu, Pierre  
245 |a El Oficio de sociólogo :   |b Presupuestos epistemológicos /   |c Pierre Bourdieu 
250 |a 4  
260 |a México:   |b Siglo XXI  
300 |a 372 páginas 
700 |a Chamboredon, Jean Claude   |a Passeron, Jean Claude  
942 |2 ddc  |c LI 
999 |c 6551  |d 6551